000 00466nam a2200181Ia 4500
001 66109
008 231004n ii |||gr||||Z||||||asm
082 _a891.41182
100 _aBaruah, ShivPrasad.
245 0 _aNichidra Nirjanata
_cBy ShivPrasad Baruah
_hTextual Documents
250 _aFirst.
260 _aGhy:
_bAmbashan,
_c2017.
300 _a86pg:
_c23cm.
653 _aAssamese
653 _aAssamese Kabita
653 _aG--Gift Section
942 _2ddc
_cBK
999 _c67202
_d67202